000 00693cam a2200253 4500500
005 20260329004954.0
041 _afre
042 _adc
100 1 0 _aHannoun, Arthur
_eauthor
245 0 0 _aUn voyage dans les philosophies du monde
260 _c2021.
500 _a66
690 _aAsie
690 _aAverroès
690 _aChine
690 _aInde
690 _aJudaïsme
690 _aOrient
690 _aRoger-Pol Droit
690 _aSagesse
690 _aZhuangzi
786 0 _nPhilosophie magazine | 155 | 12 | 2021-12-01 | p. 51-51 | 1951-1787
856 4 1 _uhttps://shs.cairn.info/magazine-philosophie-magazine-2021-12-1-page-51?lang=fr&redirect-ssocas=7080
999 _c1839061
_d1839061